| 000 | 00426nam a22001697a 4500 | ||
|---|---|---|---|
| 003 | SGT | ||
| 020 | _a9780128172148 | ||
| 082 |
_a615.19 _bB21B |
||
| 100 | _aBLASS, BENJAMIN | ||
| 245 | _aBASIC PRINCIPLES OF DRUG DISCOVERY AND DEVELOPMENT | ||
| 250 | _a2ND | ||
| 260 |
_aLONDON _bELSEVIER _c2021 |
||
| 300 | _a718 | ||
| 650 | _aDRUG DISCOVERY | ||
| 653 | _aBASIC PRINCIPLES, DRUG, DISCOVERY, DEVELOPMENT | ||
| 942 |
_2ddc _cBK |
||
| 999 |
_c26406 _d26406 |
||